Statistics for Everton Trivia

Click here to take the quiz!

General Stats

  • This quiz has been taken 1,075 times
    (277 since last reset)
  • The average score is 10 of 16

Answer Stats

QuestionAnswer% Correct
What is Everton's nickname?The {Toffees}
95%
What is the name of Everton's stadium?Goodison Park
92%
With which club does Everton contest the Merseyside Derby?Liverpool
91%
Who is the current manager of Everton?Sean Dyche
90%
Who is the current captain of Everton?Séamus Coleman
82%
In 2012, which Everton player became only the fourth goalkeeper in Premier League history to score a goal?Tim Howard
80%
Who managed Everton from 2002 until 2013?David Moyes
79%
Everton were the original tenants of which ground, leaving in 1892 following a rental disagreement?Anfield
75%
Who is Everton's record signing, arriving from Swansea City for £40m in 2017?Gylfi Sigurðsson
71%
Which Englishman is Everton's all-time record goalscorer with 383?Dixie Dean
61%
Who won the league title once as a player and twice as a manager with Everton?Howard Kendall
44%
Which Welshman holds the record for most Everton appearances with 751?Neville Southall
44%
Who are the only two non-Europeans to win Everton's Player of the Year award?Richarlison
42%
Which player holds the Everton and Premier League records for youngest goalscorer, aged 16 years and 271 days?James Vaughan
29%
Which club did Everton defeat in the 1985 European Cup Winners' Cup final?Rapid Vienna
28%
Who are the only two non-Europeans to win Everton's Player of the Year award?Steven Pienaar
20%

Score Distribution

Percentile by Number Answered

Percent of People with Each Score

Your Score History

You have not taken this quiz since the last reset